Lý luận chính trị

Guardat en:
Dades bibliogràfiques
Format: Llibre
Idioma:Undetermined
Publicat: Hà Nội Học viện Chính trị quốc gia Hồ Chí Minh
Matèries:
Etiquetes: Afegir etiqueta
Sense etiquetes, Sigues el primer a etiquetar aquest registre!
Thư viện lưu trữ: Trung tâm Học liệu Trường Đại học Cần Thơ
LEADER 00553nam a2200169Ia 4500
001 CTU_237493
008 210402s9999 xx 000 0 und d
020 |c 25000 
082 |a 324 
082 |b L600 
245 0 |a Lý luận chính trị 
245 0 |c Học viện Chính trị quốc gia Hồ Chí Minh 
260 |a Hà Nội 
260 |b Học viện Chính trị quốc gia Hồ Chí Minh 
650 |a Đảng chính trị,Political parties 
904 |i T.Trang 
980 |a Trung tâm Học liệu Trường Đại học Cần Thơ